Statistiques concernant Les Georges du plan de Paris

Cliquez ici pour prendre le quiz!

Statistiques générales

  • Ce quiz a été pris 3 fois
  • Le résultat moyen est 4 sur 34

Statistiques - réponses

HintRéponse% Correct
Georges BernanosEcrivain / Poète
67%
Georges PompidouHomme politique
67%
Georges VilleAgronome
33%
Georges BraqueArtiste peintre
33%
Georges MoustakiAuteur-compositeur-interprète
33%
Georges BizetCompositeur
33%
Georges AuricCompositeur
33%
Georges PerecEcrivain / Poète
33%
Georges SachéMécanicien de dirigeable
33%
Georges LesageArchitecte
0%
Georges UlmerAuteur-compositeur-interprète
0%
Georges PitardAvocat
0%
Georges ThillChanteur lyrique
0%
Georges EnescoCompositeur
0%
Georges RouaultDessinateur
0%
Georges LafenestreEcrivain / Poète
0%
Georges de Porto-RicheEcrivain / Poète
0%
Georges DumézilHistorien
0%
Georges ContenotHomme politique
0%
Georges DesplasHomme politique
0%
Georges BerryHomme politique
0%
Georges BergerHomme politique
0%
Georges LeyguesHomme politique
0%
Georges RislerIndustriel
0%
Georges LeclanchéIngénieur
0%
Georges BesseIngénieur
0%
Georges MulotIngénieur
0%
Georges DuhamelMédecin
0%
Georges LardennoisMédecin
0%
Georges-Ambroise BoisselatPropriétaire
0%
Georges LafontRésistant
0%
Georges PolitzerRésistant
0%
Georges CiterneRésistant
0%
Georges ReciponSculpteur
0%

Distribution des résultats

Percentile par nombre de réponses

% des personnes avec chaque résultat

Votre développement - résultats

Vous n’avez pas pris ce quiz